Otro libro catalán desconocido (Record no. 158178)

MARC details
000 -LEADER
campo de control de longitud fija 00856nam a2200193 i 4500
001 - NÚMERO DE CONTROL
campo de control 158178
003 - IDENTIFICADOR DE NÚMERO DE CONTROL
campo de control ES-MaACL
005 - FECHA Y HORA DE LA ÚLTIMA TRANSACCIÓN
campo de control 20250716063315.0
008 - DATOS DE LONGITUD FIJA--INFORMACIÓN GENERAL
campo de control de longitud fija 990409s1884 sp |||| | spa d
040 ## - FUENTE DE CATALOGACIÓN
Centro catalogador/agencia de origen CCPB | B
Lengua de catalogación spa
Centro/agencia transcriptor CCPB | B
100 1# - ENTRADA PRINCIPAL--NOMBRE DE PERSONA
Nombre de persona Luanco, José Ramón de,
Fechas asociadas al nombre 1825-1905
9 (RLIN) 74486
245 10 - MENCIÓN DEL TÍTULO
Título Otro libro catalán desconocido
Resto del título : memoria leída en la Real Academia de Buenas Letras de Barcelona en la sesión del 9 de junio de 1884 /
Mención de responsabilidad, etc. por José Ramón de Luanco.
260 ## - PUBLICACIÓN, DISTRIBUCIÓN, ETC.
Lugar de publicación, distribución, etc. Barcelona :
Nombre del editor, distribuidor, etc. [s.n.],
Fecha de publicación, distribución, etc. 1884 (
Fabricante Imp. de Jaime Jepús)
300 ## - DESCRIPCIÓN FÍSICA
Extensión 26 p. ;
Dimensiones 28 cm.
650 04 - PUNTO DE ACCESO ADICIONAL DE MATERIA--TÉRMINO DE MATERIA
Término de materia o nombre geográfico como elemento de entrada Libros raros-
Subdivisión geográfica España-
Subdivisión de forma Bibliografías.
9 (RLIN) 14453
650 #4 - PUNTO DE ACCESO ADICIONAL DE MATERIA--TÉRMINO DE MATERIA
Término de materia o nombre geográfico como elemento de entrada Alquimia.
9 (RLIN) 9742
852 ## - LOCALIZACIÓN
Ubicación ES-MaACL
Número de control de estantería T-452-F-14
Nota libre .- Dedicatoria manuscrita del autor
-- -- Enc. hol.
condición física -- Falto de la cub. original
Nota libre -- Enc. en un vol. facticio
Holdings
Estatus retirado Estado de pérdida Estado de daño No para préstamo Colección Biblioteca de origen Biblioteca actual Ubicación en estantería Fecha de adquisición Total de préstamos Signatura topográfica completa Código de barras Visto por última vez Precio de reemplazo Tipo de ítem Koha
        Colección de folletos Biblioteca del Ateneo de Madrid Biblioteca del Ateneo de Madrid Depósito folletos 17/01/2008   T-452-F-14 1165548 23/02/2023 23/02/2023 Folleto